| 000 | 00582nam a2200193Ia 4500 | ||
|---|---|---|---|
| 005 | 20250508153248.0 | ||
| 008 | 008 250505s9999 xx 000 0 eng d | ||
| 037 | _aBooks to be hide in OPAC | ||
| 040 |
_aFEDL _beng _cFEDL |
||
| 041 |
_aeng _2eng |
||
| 084 |
_a658, DIL _qFEDL |
||
| 100 | _aDill William R | ||
| 245 | 0 | _aNew managers: Patterns of behavior and development | |
| 260 |
_aEnglewood Chiffs, USA _bPrentice Hall _c1962 |
||
| 300 | _aix,258p | ||
| 700 |
_a Hilton Thomas L Reitman Walter R _9763558 |
||
| 942 |
_cHB _h658, DIL |
||
| 999 |
_c1341596 _d1341596 |
||